| 000 | 00866cam a2200241 a 4500 | ||
|---|---|---|---|
| 001 | 12133253 | ||
| 005 | 20171215041959.0 | ||
| 008 | 000805s2001 nyua bi 001 0 eng | ||
| 010 | _a 00699593 | ||
| 020 | _a0471363049 | ||
| 020 | _a0471392251 (Wiley international ed.) | ||
| 040 |
_aDLC _cDLC _dDLC |
||
| 041 | _aeng | ||
| 080 | _a657.044 | ||
| 082 | 0 | 0 |
_a657.044 _221 |
| 100 | 1 | _a61 | |
| 101 | _aKIE | ||
| 245 | 1 | 0 |
_aIntermediate accounting / _cDonald E. Kieso, Jerry J. Weygandt, Terry D. Warfield. |
| 504 | _aIncludes bibliographical references and index. | ||
| 906 |
_a7 _bcbc _corigcop _d3 _encip _f20 _gy-gencatlg |
||
| 942 |
_2ddc _cBK |
||
| 999 |
_c38977 _d38977 |
||